Anexo de títulos del estatuto del docente, apéndice i /
Guardado en:
| Formato: | Libro |
|---|---|
| Publicado: |
Buenos Aires :
Centro Nacional de Documentación e Información ...,
1980
|
| Series: | Legislación Educativa Arg., 25
|
| Materias: | |
| Etiquetas: |
Agregar Etiqueta
Sin Etiquetas, Sea el primero en etiquetar este registro!
|
| LEADER | 00749nam a22002055a 4500 | ||
|---|---|---|---|
| 001 | CEM.cems000671 | ||
| 005 | 20060210000000.0 | ||
| 008 | 130507s1980##################000#0#####d | ||
| 003 | CEMS | ||
| 082 | 0 | 4 | |a 379.14982 |
| 245 | 0 | 0 | |a Anexo de títulos del estatuto del docente, apéndice i / |
| 260 | |a Buenos Aires : |b Centro Nacional de Documentación e Información ..., |c 1980 | ||
| 300 | |a 67 p. | ||
| 490 | 0 | |a Legislación Educativa Arg., 25 | |
| 653 | |a Educacion | ||
| 653 | |a Educacion-legislacion | ||
| 653 | |a Estatuto docente | ||
| 859 | |a CEMS |b BIB. CEMS - 11 de abril |h 379.14982 |i Ar37 |p 12954.83 |t Ej.1 | ||
| 859 | |a CEMS |b BIB. CEMS - 11 de abril |h 379.14982 |i Ar37 |p 12955.83 |t Ej.2 | ||
| 859 | |a CEMS |b BIB. CEMS - 11 de abril |h 379.14982 |i Ar37 |p 13773.85 |t Ej.3 | ||
